| 000 | 00783cab a2200277 4500 | ||
|---|---|---|---|
| 001 | ABS49632 | ||
| 008 | 090401t1993 xxu||||| |||| 00| 0 eng d | ||
| 035 | _a(Sirsi) u72024 | ||
| 041 | _aeng | ||
| 100 | _aMargolis, A. | ||
| 245 | _aRevival of the fittest? | ||
| 260 | _c1993 | ||
| 350 | _a0 | ||
| 490 |
_aEuroProperty _vNovember 1993, 31-36(6) |
||
| 520 | _aInvestigates London`s ability to sustain recovery, now beginning to be felt in the capital. | ||
| 650 | _aCITY OF LONDON | ||
| 650 |
_aInfrastructure _96246 |
||
| 650 | _aINVESTMENT MARKET | ||
| 650 | _aINWARD INVESTMENT | ||
| 650 | _aLONDON | ||
| 650 | _aPROPERTY MARKET | ||
| 650 | _aRECOVERY | ||
| 690 | _aPROPERTY-COMMERCIAL PROPERTY-COMMERCIAL PROPERTY MARKET | ||
| 942 | _n0 | ||
| 948 | _c04/03/1997 | ||
| 999 |
_c45437 _d45437 |
||